01385cam a2200253 a 45000010009000000050017000090080041000260100017000670200022000840250027001060400013001330820015001461000021001612450042001822600049002243000032002735050485003055200149007906000026009396100041009656500035010066500048010416510042010891361803120250113135021.0040324s2003 ii a b 001 0beng  a 2004325134 a0670049557 (jkt.) aI-E-2004-325134; 62-92 aDLCcDLC a347.73,KID1 aKidwai, Rasheed.10aSonia: a Biography /cRasheed Kidwai. aNew Delhi ;aNew York, NY :bPenguin,c2003. ax, 240 p. :bill. ;c22 cm. aA Tragedy in Sriperumbudur (Page-), The Search for A Successor (Page-8), A Long Journey from Orbassano (Page-24), A Tale of Two Bahus (Page-33), The Prime Minister’s Wife (Page-43), A Tug of War (Page-52), Education Sonia (Page-78), Sonia Takes over the Congress (Page-103), The Favoured Few (Page-117), Sonia’s Faith (Page-129), The New Generation (Page-141), The Rebles (Page-158), The Controversies (Page-172), Sonia the Leader (Page-191), Looking to the Future (Page-205). aOn the life and times of Sonia Gandhi, b. 1946; leader of the Congress Party and widow of Rajiv Gandhi, b. 1944, former prime minister of India.10aGandhi, Sonia,d1946-20aIndian National CongressvBiography. 0aPoliticianszIndiavBiography. 0aPrime ministers' spouseszIndiavBiography. 0aIndiaxPolitics and governmenty1947-